000 00261nam a2200109 a 4500
005 20201002053329.0
008 180412s2016 000 spa d
020 _a9789945124026
245 0 _aEnglish III :.
260 _aSanto Domingo,
_c2016.
999 _c46553
_d46553
040 _aDO-SdBNP